ბათუმის შოთა რუსთაველის სახელმწიფო უნივერსიტეტის ბიბლიოთეკა

ტესტირება ენის მასწავლებლებისთვის / (ბიბ.ჩანაწერი № 56986)

000 -ლიდერი
ფიქსირებული სიგრძის საკონტროლო ველი 02125nam a22002777a 4500
003 - საკონტროლო ნომრის იდენტიფიკატორი
საკონტროლო ველი Ge_BSU
005 - ბოლო ოპერაციის თარიღი და დრო
საკონტროლო ველი 20190920114122.0
008 - ფიქსირებული სიგრძის მონაცემთა ელემენტები - ზოგადი ინფორმაცია
ფიქსირებული სიგრძის საკონტროლო ველი 190920s2017 ge ||||| |||| 00| 0 geo d
020 ## - წიგნის საერთაშორისო სტანდარტული ნომერი
International Standard Book Number 9789941097263
041 ## - ენის კოდი
Language code of text/sound track or separate title geo
080 ## - უნივერსალური ათობითი კლასიფიკაციის ინდექსი
Universal Decimal Classification number 81'24(072) +37.091.26 ჰ-15
100 ## - მთავარი ჩანაწერი - პიროვნების სახელი
Personal name ჰაგისი, არტურ.
9 (RLIN) 4173
245 ## - ცნობა სათაურის შესახებ
Title ტესტირება ენის მასწავლებლებისთვის /
Statement of responsibility, etc არტურ ჰაგისი ; მთარგმ : გიული შაბაშვილი ; რედ : კახა გაბუნია.
250 ## - გამოცემის ცნობა
Edition statement მე-2 გამოცემა
264 ## - წარმოების, გამოცემის, დისტრიბუციის და სხვა ცნობები
გამოცემის, წარმოების, დისტრიბუციის... ადგილი თბილისი,
გამოცემის, წარმოების, დისტრიბუციის... თარიღი 2017.
300 ## - ფიზიკური აღწერა
Extent 236 გვ. :
Other physical details ილ. ;
Dimensions 29 სმ.
504 ## - BIBLIOGRAPHY, ETC. NOTE
Bibliography, etc ბიბლიოგრ.: გვ . 230-236.
511 ## - PARTICIPANT OR PERFORMER NOTE
Participant or performer note წიგნი ითარგმნა ”სამოქალაქო ინტეგრაციისა და ეროვნებათაშორისი ურთიერთობების ცენტრის მიერ” Tempus-ის (ევროკომისია) საერთაშორისო პროექტის ”მულტილინგვურ მასწავლებელთა მომზადების პროგრამების შექმნა და
653 ## - INDEX TERM--UNCONTROLLED
Uncontrolled term ენის სწავლების მეთოდიკა.
653 ## - INDEX TERM--UNCONTROLLED
Uncontrolled term უცხო ენის სწავლების მეთოდიკა.
653 ## - INDEX TERM--UNCONTROLLED
Uncontrolled term ტესტების შედგენა ენის ცოდნის შესამოწმებლად
700 ## - ADDED ENTRY--PERSONAL NAME
Personal name შაბაშვილი , გიული
Relator term მთარგმნელი
9 (RLIN) 4174
700 ## - ADDED ENTRY--PERSONAL NAME
Personal name გაბუნია , კახა
Relator term რედაქტორი
9 (RLIN) 4175
710 ## - ADDED ENTRY--CORPORATE NAME
Relator term პროექტირს კოორდინატორი ივანე ჯავახიშვილის სახელობის თბილისის სახელმწიფო უნივერსიტეტი
9 (RLIN) 4176
942 ## - ADDED ENTRY ELEMENTS (KOHA)
Source of classification or shelving scheme
Koha item type წიგნი
ეგზემპლარები
ჩამოწერის სტატუსი დაკარგული ეგზემპლარის სტატუსი კლასიფიკაციის წყარო ან თაროზე გაწყობის სქემა დაზიანების სტატუსი არ გაიცემა მუდმივი მდებარეობა (დაცვის ადგილი) ამჟამინდელი ადგილსამყოფელი თაროზე განთავსების ადგილი შეძენის თარიღი ღირებულება, შესყიდვის ნორმალური ფასი სრული შენახვის შიფრი შტრიხკოდი ბოლო ოპერაციის თარიღი ეგზემპლარის მიმდევრობითი ნომერი (კეტერი?) ფასის ძალაში შესვლის თარიღი ეგზემპლარის სახეობა საჯარო შენიშვნა
          ბათუმის შოთა რუსთაველის სახელმწიფო უნივერსიტეტის მთავარი ბიბლიოთეკა ბათუმის შოთა რუსთაველის სახელმწიფო უნივერსიტეტის მთავარი ბიბლიოთეკა წიგნსაცავი 2019-09-20 10.00 81'24(072) +37.091.26 ჰ-15 60027 2019-09-20 60027 2019-09-20 წიგნი 10.00